UM Logo

Introduction to probability and statistics: (Record no. 4632)

MARC details
000 -LEADER
fixed length control field 00753nam a22002057a 4500
008 - FIXED-LENGTH DATA ELEMENTS--GENERAL INFORMATION
fixed length control field 160917b xxu||||| |||| 00| 0 eng d
020 ## - INTERNATIONAL STANDARD BOOK NUMBER
International Standard Book Number 0-07-246836-X
020 ## - INTERNATIONAL STANDARD BOOK NUMBER
International Standard Book Number 0071198598
082 ## - DEWEY DECIMAL CLASSIFICATION NUMBER
Edition number 2003
Classification number DC 519.5
Item number M64i
100 ## - MAIN ENTRY--PERSONAL NAME
9 (RLIN) 14795
Personal name Milton, J. Susan
245 ## - TITLE STATEMENT
Title Introduction to probability and statistics:
Remainder of title principles and applications for engineering and the computing sciences/
Statement of responsibility, etc. J. Susan Milton, Jesse C. Arnold.
250 ## - EDITION STATEMENT
Edition statement 4th edition
260 ## - PUBLICATION, DISTRIBUTION, ETC. (IMPRINT)
Place of publication, distribution, etc. New York:
Name of publisher, distributor, etc. McGraw-Hill,
Date of publication, distribution, etc. c2003.
300 ## - PHYSICAL DESCRIPTION
Extent xx, 798 pages:
Other physical details illustrations;
Dimensions 23 cm.
500 ## - GENERAL NOTE
General note Includes bibliographical references and index.
650 #0 - SUBJECT ADDED ENTRY--TOPICAL TERM
9 (RLIN) 14796
Topical term or geographic name as entry element Probabilities
650 #0 - SUBJECT ADDED ENTRY--TOPICAL TERM
9 (RLIN) 14797
Topical term or geographic name as entry element Statistics
700 ## - ADDED ENTRY--PERSONAL NAME
9 (RLIN) 14798
Personal name Arnold, Jesse C.
Relator term Author
942 ## - ADDED ENTRY ELEMENTS (KOHA)
Source of classification or shelving scheme Dewey Decimal Classification
Koha item type Circulation
Holdings
Withdrawn status Lost status Source of classification or shelving scheme Damaged status Not for loan Collection code Home library Current library Shelving location Date acquired Total Checkouts Full call number Barcode Date last seen Date last checked out Price effective from Koha item type
    Dewey Decimal Classification     Circulation UM Digos College - LIC UM Digos College - LIC Book Cart 06/23/2009 3 DC 519.5 M64i 2003 20233 05/15/2025 12/13/2018 09/17/2016 Circulation